Quantum mechanics
Saved in:
| Main Authors: | , , |
|---|---|
| Format: | Bog |
| Sprog: | engelsk |
| Udgivet: |
Nueva York
Holt, Rinehart and Winston
1966
|
| Fag: | |
| Tags: |
Tilføj Tag
Ingen Tags, Vær først til at tagge denne postø!
|
MARC
| LEADER | 00000nam a2200000 a 4500 | ||
|---|---|---|---|
| 001 | UCH3084 | ||
| 003 | CL-VaPUC | ||
| 008 | 090715e19660000US |||||||||||||||||eng|d | ||
| 082 | 0 | 4 | |a 530.12 |b SOK |2 21 |
| 100 | 0 | |a Sokolov, A. A |e author |9 538239 | |
| 700 | 0 | |a Loskutov, Y. M |e author |9 538240 | |
| 700 | 0 | |a Ternov, I. M |e author |9 538241 | |
| 245 | 1 | 0 | |a Quantum mechanics |
| 300 | |a 537 p | ||
| 942 | |c BK | ||
| 945 | |d 20090715 00:00:00 |a rbrito | ||
| 260 | |a Nueva York |b Holt, Rinehart and Winston |c 1966 | ||
| 650 | 0 | |a Mecánica cuántica |9 306806 | |
| 650 | 0 | |a Teoría cuántica |9 266148 | |
| 650 | 0 | |a Radiación |9 259874 | |
| 650 | 0 | |a Relatividad |9 269977 | |
| 650 | 7 | |a FISICA NUCLEAR |2 CL-VaPUC |9 270366 | |
| 583 | |a last modification |c 20090715 00:00:00 |k Rodrigo Vera | ||
| 999 | |c 334723 |d 334721 | ||
| 952 | |0 0 |1 0 |4 0 |6 530_120000000000000_SOK_1966 |7 0 |8 A |9 423869 |a BIBCUR |b BIBCUR |d 2019-11-22 |i 4535456 |o 530.12 SOK 1966 |p 4535456 |r 2025-04-22 |w 2019-11-22 |y BK |k FIS | ||